[Event "Baku Chess Olympiad | Open"]
[Site "chess24.com"]
[Date "2016.09.08"]
[Round "6"]
[White "Valdes Romero, Leonardo"]
[Black "Bukannan, Ahmed A"]
[Result "1-0"]
[Board "3"]
[WhiteID "6500331"]
[WhiteElo "2387"]
[WhiteTitle "IM"]
[WhiteCountry "CRC"]
[WhiteFideId "6500331"]
[WhiteEloChange "2"]
[BlackID "21504164"]
[BlackElo "1890"]
[BlackCountry "KSA"]
[BlackFideId "21504164"]
[BlackEloChange "-2"]

1. Nf3 {[%clk 1:30:56]} Nf6 {[%clk 1:30:20]} 2. g3 {[%clk 1:31:12]} g6 {[%clk
1:29:11]} 3. Bg2 {[%clk 1:31:36]} Bg7 {[%clk 1:29:26]} 4. O-O {[%clk 1:31:49]}
O-O {[%clk 1:29:20]} 5. c4 {[%clk 1:31:51]} d6 {[%clk 1:28:22]} 6. d4 {[%clk
1:32:12]} c6 {[%clk 1:26:26]} 7. Nc3 {[%clk 1:30:03]} Nbd7 {[%clk 1:22:11]} 8. h3
{[%clk 1:30:12]} d5 {[%clk 1:21:42]} 9. Qb3 {[%clk 1:27:35]} e6 {[%clk 1:16:27]}
10. Rd1 {[%clk 1:27:04]} b6 {[%clk 1:14:12]} 11. Bf4 {[%clk 1:23:14]} Bb7 {[%clk
1:01:43]} 12. e4 {[%clk 1:20:52]} Nxe4 {[%clk 1:00:06]} 13. Nxe4 {[%clk 1:21:16]}
dxe4 {[%clk 1:00:28]} 14. Ng5 {[%clk 1:21:40]} Nf6 {[%clk 0:58:15]} 15. Nxe4
{[%clk 1:19:27]} Nxe4 {[%clk 0:56:57]} 16. Bxe4 {[%clk 1:19:52]} Re8 {[%clk
0:46:23]} 17. Bg2 {[%clk 1:17:13]} Qd7 {[%clk 0:39:01]} 18. Be3 {[%clk 1:06:41]}
Rac8 {[%clk 0:31:11]} 19. a4 {[%clk 1:05:43]} Qc7 {[%clk 0:28:11]} 20. a5 {[%clk
1:00:35]} Rb8 {[%clk 0:24:54]} 21. Qa4 {[%clk 0:55:00]} b5 {[%clk 0:22:04]} 22.
Qc2 {[%clk 0:55:11]} Ba6 {[%clk 0:20:58]} 23. c5 {[%clk 0:41:40]} Rbd8 {[%clk
0:16:44]} 24. Qe4 {[%clk 0:39:49]} Rc8 {[%clk 0:16:56]} 25. b4 {[%clk 0:39:33]}
Qd7 {[%clk 0:16:10]} 26. h4 {[%clk 0:38:45]} Qd5 {[%clk 0:15:18]} 27. Qc2 {[%clk
0:38:58]} Qd7 {[%clk 0:15:25]} 28. Bf3 {[%clk 0:38:12]} Qe7 {[%clk 0:14:05]} 29.
Kg2 {[%clk 0:38:01]} h6 {[%clk 0:13:08]} 30. Ra3 {[%clk 0:37:34]} Red8 {[%clk
0:10:17]} 31. Qc1 {[%clk 0:33:00]} Kh7 {[%clk 0:09:23]} 32. Ra2 {[%clk 0:29:44]}
Rh8 {[%clk 0:07:54]} 33. Qb1 {[%clk 0:29:45]} Kg8 {[%clk 0:08:11]} 34. Bf4 {[%clk
0:29:33]} Qd7 {[%clk 0:07:02]} 35. Be5 {[%clk 0:28:38]} Qe7 {[%clk 0:04:27]} 36.
Qa1 {[%clk 0:28:07]} Qe8 {[%clk 0:04:03]} 37. Bxg7 {[%clk 0:27:32]} Kxg7 {[%clk
0:04:32]} 38. Bxc6 {[%clk 0:26:43]} Rxc6 {[%clk 0:03:57]} 39. d5+ {[%clk
0:27:08]} Kh7 {[%clk 0:04:03]} 40. dxc6 {[%clk 0:57:31]} Qxc6+ {[%clk 0:34:22]}
41. f3 {[%clk 0:57:56]} Bb7 {[%clk 0:34:31]} 42. Qf6 {[%clk 0:58:01]} Qc7 {[%clk
0:32:35]} 43. Rad2 {[%clk 0:56:15]} Bd5 {[%clk 0:32:42]} 44. Kf2 {[%clk 0:52:46]}
Rd8 {[%clk 0:31:22]} 45. Rd4 {[%clk 0:52:21]} Kg8 {[%clk 0:31:19]} 46. h5 {[%clk
0:51:39]} gxh5 {[%clk 0:31:33]} 47. Qxh6 {[%clk 0:51:54]} Qe5 {[%clk 0:31:35]}
48. Qe3 {[%clk 0:48:59]} Qf5 {[%clk 0:29:48]} 49. g4 {[%clk 0:47:06]} hxg4 {[%clk
0:29:59]} 50. Rxg4+ {[%clk 0:47:30]} Kf8 {[%clk 0:30:19]} 51. Rd2 {[%clk
0:46:10]} Ke7 {[%clk 0:29:39]} 52. Qg5+ {[%clk 0:44:00]} Qxg5 {[%clk 0:30:06]}
53. Rxg5 {[%clk 0:44:25]} a6 {[%clk 0:29:51]} 54. Ke3 {[%clk 0:44:36]} Kf6 {[%clk
0:28:20]} 55. Rh5 {[%clk 0:44:18]} Ke7 {[%clk 0:27:37]} 56. Rh6 {[%clk 0:44:20]}
Ra8 {[%clk 0:27:06]} 57. Kf4 {[%clk 0:44:14]} Rd8 {[%clk 0:25:37]} 58. Rd1 {[%clk
0:43:19]} Ra8 {[%clk 0:25:37]} 59. Rxd5 {[%clk 0:43:04]} exd5 {[%clk 0:26:00]}
60. Ke5 {[%clk 0:43:30]} Rd8 {[%clk 0:26:08]} 61. Kd4 {[%clk 0:43:51]} f6 {[%clk
0:26:17]} 62. Rh7+ {[%clk 0:43:46]} Ke6 {[%clk 0:26:40]} 63. Ra7 {[%clk 0:44:07]}
Rh8 {[%clk 0:26:45]} 64. Rxa6+ {[%clk 0:44:28]} Kf5 {[%clk 0:27:14]} 65. Kxd5
{[%clk 0:42:31]} Rh4 {[%clk 0:27:36]} 66. c6 {[%clk 0:42:50]} Rxb4 {[%clk
0:27:57]} 67. c7 {[%clk 0:43:04]} Rb1 {[%clk 0:28:16]} 68. c8Q+ {[%clk 0:43:20]}
1-0

[Event "Baku Chess Olympiad | Open"]
[Site "chess24.com"]
[Date "2016.09.08"]
[Round "6"]
[White "Song, Raymond"]
[Black "Harper, Ryan"]
[Result "1-0"]
[Board "1"]
[WhiteID "3203824"]
[WhiteElo "2170"]
[WhiteCountry "TPE"]
[WhiteFideId "3203824"]
[WhiteEloChange "11"]
[BlackID "7700156"]
[BlackElo "2215"]
[BlackTitle "FM"]
[BlackCountry "TTO"]
[BlackFideId "7700156"]
[BlackEloChange "-11"]

1. e4 {[%clk 1:30:57]} e5 {[%clk 1:30:51]} 2. Nf3 {[%clk 1:31:23]} Nc6 {[%clk
1:31:17]} 3. d4 {[%clk 1:31:48]} exd4 {[%clk 1:31:41]} 4. Bc4 {[%clk 1:32:15]}
Nf6 {[%clk 1:30:05]} 5. e5 {[%clk 1:32:43]} d5 {[%clk 1:22:17]} 6. Bb5 {[%clk
1:33:08]} Ne4 {[%clk 1:22:42]} 7. Nxd4 {[%clk 1:33:36]} Bd7 {[%clk 1:23:07]} 8.
Bxc6 {[%clk 1:34:04]} bxc6 {[%clk 1:23:29]} 9. O-O {[%clk 1:34:31]} Bc5 {[%clk
1:22:09]} 10. f3 {[%clk 1:34:57]} Ng5 {[%clk 1:22:35]} 11. f4 {[%clk 1:35:25]}
Ne4 {[%clk 1:22:52]} 12. Be3 {[%clk 1:35:51]} Qb8 {[%clk 1:23:18]} 13. b3 {[%clk
1:36:18]} O-O {[%clk 1:16:26]} 14. Qd3 {[%clk 1:36:46]} Qb6 {[%clk 1:13:50]} 15.
Nc3 {[%clk 1:35:00]} Nxc3 {[%clk 1:12:23]} 16. Qxc3 {[%clk 1:34:35]} f6 {[%clk
1:11:55]} 17. Kh1 {[%clk 1:22:45]} Rae8 {[%clk 1:10:58]} 18. e6 {[%clk 1:19:32]}
Bb4 {[%clk 0:35:46]} 19. Qd3 {[%clk 1:16:48]} Bc8 {[%clk 0:35:35]} 20. c3 {[%clk
0:53:41]} Bd6 {[%clk 0:29:14]} 21. Nf5 {[%clk 0:48:53]} Qa6 {[%clk 0:24:09]} 22.
Qxa6 {[%clk 0:39:20]} Bxa6 {[%clk 0:24:31]} 23. Rfe1 {[%clk 0:39:30]} Rxe6 {[%clk
0:23:38]} 24. Nxd6 {[%clk 0:39:46]} cxd6 {[%clk 0:23:57]} 25. Bxa7 {[%clk
0:39:45]} Rfe8 {[%clk 0:24:05]} 26. Bf2 {[%clk 0:40:04]} Re2 {[%clk 0:24:10]} 27.
Kg1 {[%clk 0:39:38]} Kf7 {[%clk 0:23:49]} 28. f5 {[%clk 0:38:35]} Bd3 {[%clk
0:20:53]} 29. Rxe2 {[%clk 0:37:36]} Rxe2 {[%clk 0:20:53]} 30. a4 {[%clk 0:37:24]}
Rc2 {[%clk 0:20:49]} 31. a5 {[%clk 0:33:39]} Rxc3 {[%clk 0:16:16]} 32. a6 {[%clk
0:33:54]} Bxa6 {[%clk 0:15:23]} 33. Rxa6 {[%clk 0:34:20]} Rc1+ {[%clk 0:15:34]}
34. Be1 {[%clk 0:34:46]} Rxe1+ {[%clk 0:15:59]} 35. Kf2 {[%clk 0:35:14]} Rc1
{[%clk 0:09:09]} 36. Ra7+ {[%clk 0:35:38]} Kf8 {[%clk 0:07:09]} 37. Ra8+ {[%clk
0:36:04]} Kf7 {[%clk 0:07:13]} 38. Ra7+ {[%clk 0:36:31]} Kf8 {[%clk 0:07:31]} 39.
Ra8+ {[%clk 0:36:55]} Ke7 {[%clk 0:07:56]} 40. Ra7+ {[%clk 1:07:23]} Ke8 {[%clk
0:38:17]} 41. Ra8+ {[%clk 1:07:32]} Ke7 {[%clk 0:34:26]} 42. Ra7+ {[%clk
1:07:57]} Kd8 {[%clk 0:34:47]} 43. Rxg7 {[%clk 1:08:17]} Rc2+ {[%clk 0:34:30]}
44. Kf3 {[%clk 1:04:33]} Rc3+ {[%clk 0:34:51]} 45. Ke2 {[%clk 1:04:56]} Rxb3
{[%clk 0:35:09]} 46. Rf7 {[%clk 1:04:09]} Rb2+ {[%clk 0:31:34]} 47. Kf3 {[%clk
1:04:33]} Rb3+ {[%clk 0:29:36]} 48. Ke2 {[%clk 1:05:02]} Rb4 {[%clk 0:19:51]} 49.
Rxf6 {[%clk 1:04:58]} Re4+ {[%clk 0:20:14]} 50. Kf3 {[%clk 1:02:19]} Ke7 {[%clk
0:18:10]} 51. Rh6 {[%clk 1:02:44]} c5 {[%clk 0:18:01]} 52. g4 {[%clk 1:02:29]} c4
{[%clk 0:11:15]} 53. g5 {[%clk 0:54:54]} c3 {[%clk 0:05:07]} 54. Rxh7+ {[%clk
0:55:21]} Kf8 {[%clk 0:05:13]} 55. Rc7 {[%clk 0:52:51]} Rh4 {[%clk 0:04:58]} 56.
f6 {[%clk 0:52:01]} Rc4 {[%clk 0:04:35]} 57. Rxc4 {[%clk 0:50:30]} dxc4 {[%clk
0:04:59]} 58. Ke2 {[%clk 0:50:58]} Kf7 {[%clk 0:04:06]} 59. Kd1 {[%clk 0:50:53]}
d5 {[%clk 0:04:27]} 60. Kc2 {[%clk 0:51:19]} d4 {[%clk 0:04:50]} 61. h4 {[%clk
0:51:30]} Kg6 {[%clk 0:03:54]} 62. h5+ {[%clk 0:51:51]} Kf7 {[%clk 0:03:53]} 63.
Kc1 {[%clk 0:52:11]} d3 {[%clk 0:03:30]} 64. Kd1 {[%clk 0:52:33]} c2+ {[%clk
0:03:01]} 65. Kd2 {[%clk 0:52:58]} Ke6 {[%clk 0:03:09]} 66. h6 {[%clk 0:53:04]}
Kd5 {[%clk 0:03:17]} 67. f7 {[%clk 0:53:25]} Kd4 {[%clk 0:03:40]} 68. f8Q {[%clk
0:53:48]} c3+ {[%clk 0:03:40]} 69. Kc1 {[%clk 0:54:12]} Kc4 {[%clk 0:02:58]} 70.
h7 {[%clk 0:54:16]} Kb3 {[%clk 0:02:11]} 71. Qf7+ {[%clk 0:54:38]} 1-0

[Event "Baku Chess Olympiad | Open"]
[Site "chess24.com"]
[Date "2016.09.08"]
[Round "6"]
[White "Ayyad, Husain"]
[Black "Yee, Soon Wei"]
[Result "*"]
[Board "1"]
[WhiteID "11200243"]
[WhiteElo "2176"]
[WhiteTitle "FM"]
[WhiteCountry "BRN"]
[WhiteFideId "11200243"]
[BlackID "10500553"]
[BlackElo "2293"]
[BlackTitle "FM"]
[BlackCountry "BRU"]
[BlackFideId "10500553"]

1. e4 {[%clk 1:30:12]} d6 {[%clk 1:30:26]} 2. h3 {[%clk 1:25:48]} Nf6 {[%clk
1:29:20]} 3. Nc3 {[%clk 1:25:24]} e5 {[%clk 1:28:22]} 4. d4 {[%clk 1:24:17]} Nbd7
{[%clk 1:22:39]} 5. Be3 {[%clk 1:23:59]} a6 {[%clk 1:19:12]} 6. g4 {[%clk
1:16:44]} g6 {[%clk 1:02:00]} 7. g5 {[%clk 1:08:11]} Nh5 {[%clk 1:00:04]} 8. dxe5
{[%clk 1:08:31]} dxe5 {[%clk 0:58:59]} 9. Be2 {[%clk 1:04:27]} Nf4 {[%clk
0:49:50]} 10. Bxf4 {[%clk 1:03:26]} exf4 {[%clk 0:50:14]} 11. Qd4 {[%clk
1:03:19]} f6 {[%clk 0:49:45]} 12. Nd5 {[%clk 0:48:42]} Bc5 {[%clk 0:27:56]} 13.
Nxf6+ {[%clk 0:47:36]} Qxf6 {[%clk 0:27:45]} 14. Qxf6 {[%clk 0:45:01]} Nxf6
{[%clk 0:28:10]} 15. gxf6 {[%clk 0:45:26]} Bd4 {[%clk 0:26:28]} 16. O-O-O {[%clk
0:43:46]} Bxf6 {[%clk 0:26:41]} 17. Bg4 {[%clk 0:41:17]} Ke7 {[%clk 0:20:41]} 18.
Nf3 {[%clk 0:33:54]} Be6 {[%clk 0:13:17]} 19. Rhg1 {[%clk 0:20:41]} Rad8 {[%clk
0:09:34]} 20. Rxd8 {[%clk 0:19:45]} Rxd8 {[%clk 0:09:41]} 21. Bxe6 {[%clk
0:14:23]} Kxe6 {[%clk 0:10:04]} 22. Rg4 {[%clk 0:11:30]} Rf8 {[%clk 0:04:04]} 23.
c3 {[%clk 0:11:37]} Be7 {[%clk 0:03:22]} 24. Kd2 {[%clk 0:10:50]} b5 {[%clk
0:01:34]} 25. Ke2 {[%clk 0:11:10]} c5 {[%clk 0:01:25]} 26. Ng5+ {[%clk 0:10:38]}
Bxg5 {[%clk 0:01:29]} 27. Rxg5 {[%clk 0:11:06]} c4 {[%clk 0:01:35]} 28. Rc5
{[%clk 0:10:01]} Rd8 {[%clk 0:01:30]} 29. a4 {[%clk 0:05:10]} Rb8 {[%clk
0:00:59]} 30. Rc6+ {[%clk 0:03:59]} Ke5 {[%clk 0:01:14]} 31. Kf3 {[%clk 0:04:28]}
g5 {[%clk 0:00:52]} 32. Rxa6 {[%clk 0:03:13]} bxa4 {[%clk 0:01:12]} 33. Ra5+
{[%clk 0:03:27]} Kf6 {[%clk 0:01:13]} 34. Rxa4 {[%clk 0:03:49]} Rxb2 {[%clk
0:01:21]} 35. Rxc4 {[%clk 0:04:15]} h6 {[%clk 0:01:07]} 36. Rc6+ {[%clk 0:04:18]}
Kg7 {[%clk 0:01:24]} 37. e5 {[%clk 0:04:00]} Rc2 {[%clk 0:01:14]} 38. Kg4 {[%clk
0:00:41]} Rxf2 {[%clk 0:01:34]} 39. Kf5 {[%clk 0:00:56]} f3 {[%clk 0:01:22]} 40.
Rc7+ {[%clk 0:31:18]} Kg8 {[%clk 0:30:50]} 41. Kg6 {[%clk 0:25:22]} Kf8 {[%clk
0:31:10]} 42. Rf7+ {[%clk 0:25:16]} Ke8 {[%clk 0:29:22]} 43. Rf5 {[%clk 0:25:42]}
Rf1 {[%clk 0:25:43]} 44. Kxh6 {[%clk 0:19:46]} f2 {[%clk 0:23:55]} 45. Kg6 {[%clk
0:19:12]} Ke7 {[%clk 0:22:08]} 46. Rf6 {[%clk 0:10:36]} Rc1 {[%clk 0:12:50]} 47.
Rxf2 {[%clk 0:10:01]} Rxc3 {[%clk 0:13:06]} 48. Rh2 {[%clk 0:06:11]} Ke6 {[%clk
0:11:19]} 49. Kxg5 {[%clk 0:06:17]} Kxe5 {[%clk 0:10:55]} 50. Re2+ {[%clk
0:06:46]} Kd6 {[%clk 0:10:28]} 51. h4 {[%clk 0:07:05]} Rg3+ {[%clk 0:09:42]} 52.
Kh6 {[%clk 0:07:18]} Rg4 {[%clk 0:05:50]} 53. h5 {[%clk 0:07:39]} Kd7 {[%clk
0:06:10]} 54. Kh7 {[%clk 0:04:45]} Rg5 {[%clk 0:06:17]} 55. h6 {[%clk 0:05:03]}
Rg1 {[%clk 0:06:25]} 56. Ra2 {[%clk 0:01:24]} Ke7 {[%clk 0:06:12]} 57. Ra7+
{[%clk 0:00:45]} Kf8 {[%clk 0:06:07]} 58. Rg7 {[%clk 0:00:53]} *

[Event "Baku Chess Olympiad | Open"]
[Site "chess24.com"]
[Date "2016.09.08"]
[Round "6"]
[White "Huguet, Sergio"]
[Black "Orio, Rogelio L."]
[Result "1-0"]
[Board "3"]
[WhiteID "2212552"]
[WhiteElo "2099"]
[WhiteTitle "FM"]
[WhiteCountry "HON"]
[WhiteFideId "2212552"]
[WhiteEloChange "3"]
[BlackID "31000118"]
[BlackElo "1781"]
[BlackCountry "GUM"]
[BlackFideId "31000118"]
[BlackEloChange "-3"]

1. e4 {[%clk 1:30:55]} Nf6 {[%clk 1:30:43]} 2. e5 {[%clk 1:30:52]} Nd5 {[%clk
1:31:04]} 3. d4 {[%clk 1:30:47]} Nc6 {[%clk 1:31:12]} 4. c4 {[%clk 1:29:34]} Nb6
{[%clk 1:30:58]} 5. Nc3 {[%clk 1:27:25]} d6 {[%clk 1:30:34]} 6. exd6 {[%clk
1:25:21]} cxd6 {[%clk 1:30:43]} 7. Be2 {[%clk 1:23:28]} Bf5 {[%clk 1:30:45]} 8.
Be3 {[%clk 1:20:29]} Rc8 {[%clk 1:27:47]} 9. b3 {[%clk 1:17:02]} g6 {[%clk
1:23:24]} 10. Rc1 {[%clk 1:15:03]} Bg7 {[%clk 1:23:42]} 11. Nf3 {[%clk 1:13:45]}
O-O {[%clk 1:23:41]} 12. O-O {[%clk 1:12:02]} Re8 {[%clk 1:22:53]} 13. h3 {[%clk
1:09:45]} e5 {[%clk 1:22:59]} 14. d5 {[%clk 1:06:45]} Nb4 {[%clk 1:21:12]} 15.
Qd2 {[%clk 1:03:58]} e4 {[%clk 1:20:36]} 16. Nd4 {[%clk 0:58:36]} Na6 {[%clk
1:11:57]} 17. Ncb5 {[%clk 0:54:48]} Ra8 {[%clk 1:10:55]} 18. Rfd1 {[%clk
0:45:17]} Nc5 {[%clk 1:10:32]} 19. Bg5 {[%clk 0:40:34]} f6 {[%clk 1:07:03]} 20.
Bf4 {[%clk 0:39:12]} Nc8 {[%clk 1:07:07]} 21. b4 {[%clk 0:35:42]} Na4 {[%clk
1:03:28]} 22. Nxf5 {[%clk 0:33:43]} gxf5 {[%clk 1:03:20]} 23. Nd4 {[%clk
0:32:59]} a5 {[%clk 1:02:03]} 24. Bh5 {[%clk 0:31:24]} Re7 {[%clk 0:58:21]} 25.
Nxf5 {[%clk 0:30:55]} Rc7 {[%clk 0:57:49]} 26. Qc2 {[%clk 0:27:14]} axb4 {[%clk
0:57:51]} 27. Qxe4 {[%clk 0:26:30]} Nc5 {[%clk 0:57:42]} 28. Qe2 {[%clk 0:25:05]}
Qf8 {[%clk 0:52:35]} 29. Rd4 {[%clk 0:22:24]} Ra3 {[%clk 0:52:10]} 30. Re1 {[%clk
0:19:51]} Ra8 {[%clk 0:50:05]} 31. Qg4 {[%clk 0:18:24]} Re7 {[%clk 0:37:59]} 32.
Nxe7+ {[%clk 0:15:16]} Nxe7 {[%clk 0:38:21]} 33. Bxd6 {[%clk 0:12:39]} f5 {[%clk
0:38:25]} 34. Qg5 {[%clk 0:04:49]} Ne4 {[%clk 0:38:11]} 35. Rdxe4 {[%clk
0:04:46]} fxe4 {[%clk 0:38:06]} 36. Qxe7 {[%clk 0:04:16]} Qxe7 {[%clk 0:33:14]}
37. Bxe7 {[%clk 0:04:37]} Bc3 {[%clk 0:33:30]} 38. Re2 {[%clk 0:04:13]} Kg7
{[%clk 0:33:44]} 39. d6 {[%clk 0:04:00]} e3 {[%clk 0:31:04]} 40. fxe3 {[%clk
0:33:16]} Be5 {[%clk 1:01:13]} 41. d7 {[%clk 0:31:07]} Bc7 {[%clk 0:58:24]} 42.
Bxb4 {[%clk 0:29:29]} Kf6 {[%clk 0:57:28]} 43. a3 {[%clk 0:29:06]} Ke5 {[%clk
0:57:43]} 44. Rf2 {[%clk 0:27:43]} Ke4 {[%clk 0:57:34]} 45. Rf8 {[%clk 0:27:05]}
Ra6 {[%clk 0:56:01]} 46. Re8+ {[%clk 0:27:02]} Kd3 {[%clk 0:55:39]} 47. d8Q+
{[%clk 0:27:19]} Bxd8 {[%clk 0:55:39]} 48. Rxd8+ {[%clk 0:27:42]} Kxe3 {[%clk
0:55:52]} 49. Bf3 {[%clk 0:26:50]} Kf4 {[%clk 0:55:12]} 50. Bxb7 {[%clk 0:26:02]}
Re6 {[%clk 0:55:20]} 51. Rd4+ {[%clk 0:25:57]} Kg5 {[%clk 0:55:09]} 52. Rg4+
{[%clk 0:25:38]} Kf6 {[%clk 0:55:07]} 53. Bc3+ {[%clk 0:25:51]} Ke7 {[%clk
0:54:44]} 54. Re4 {[%clk 0:26:14]} h5 {[%clk 0:53:33]} 55. Rxe6+ {[%clk 0:26:30]}
Kxe6 {[%clk 0:53:55]} 56. a4 {[%clk 0:26:48]} Kd7 {[%clk 0:53:54]} 57. Be5 {[%clk
0:26:59]} h4 {[%clk 0:53:59]} 58. a5 {[%clk 0:27:15]} Ke6 {[%clk 0:54:19]} 59.
Bb8 {[%clk 0:27:26]} 1-0

[Event "Baku Chess Olympiad | Open"]
[Site "chess24.com"]
[Date "2016.09.08"]
[Round "6"]
[White "Alkhaldi, Bader"]
[Black "Kumar, Manoj"]
[Result "1/2-1/2"]
[Board "2"]
[WhiteID "10300171"]
[WhiteElo "1956"]
[WhiteCountry "KUW"]
[WhiteFideId "10300171"]
[WhiteEloChange "1"]
[BlackID "11400064"]
[BlackElo "1986"]
[BlackTitle "CM"]
[BlackCountry "FIJ"]
[BlackFideId "11400064"]
[BlackEloChange "-1"]

1. d4 {[%clk 1:30:54]} d5 {[%clk 1:30:55]} 2. c4 {[%clk 1:31:14]} c6 {[%clk
1:30:11]} 3. Nf3 {[%clk 1:31:18]} Nf6 {[%clk 1:30:32]} 4. e3 {[%clk 1:31:41]} Bg4
{[%clk 1:30:37]} 5. Qb3 {[%clk 1:31:51]} Qc8 {[%clk 1:28:29]} 6. Ne5 {[%clk
1:31:48]} Bf5 {[%clk 1:28:39]} 7. Bd2 {[%clk 1:31:44]} e6 {[%clk 1:27:41]} 8. Nc3
{[%clk 1:30:54]} Be7 {[%clk 1:24:37]} 9. Rc1 {[%clk 1:31:11]} O-O {[%clk
1:24:49]} 10. Be2 {[%clk 1:26:30]} Nbd7 {[%clk 1:22:09]} 11. cxd5 {[%clk
1:17:55]} exd5 {[%clk 1:22:16]} 12. O-O {[%clk 1:18:02]} Re8 {[%clk 1:15:58]} 13.
Bf3 {[%clk 1:14:10]} Be6 {[%clk 1:10:21]} 14. Nd3 {[%clk 1:08:52]} Ne4 {[%clk
1:07:59]} 15. Be1 {[%clk 1:02:14]} Qb8 {[%clk 1:03:07]} 16. Nf4 {[%clk 1:02:06]}
Ng5 {[%clk 0:56:23]} 17. Nxe6 {[%clk 0:41:43]} Nxf3+ {[%clk 0:56:04]} 18. gxf3
{[%clk 0:42:02]} fxe6 {[%clk 0:56:30]} 19. f4 {[%clk 0:41:54]} Kh8 {[%clk
0:39:54]} 20. Na4 {[%clk 0:36:33]} b5 {[%clk 0:38:57]} 21. Nc3 {[%clk 0:33:11]}
a5 {[%clk 0:33:30]} 22. Ne2 {[%clk 0:29:43]} c5 {[%clk 0:31:36]} 23. Qd1 {[%clk
0:25:35]} c4 {[%clk 0:31:29]} 24. Kh1 {[%clk 0:19:55]} b4 {[%clk 0:24:15]} 25.
Rg1 {[%clk 0:19:57]} a4 {[%clk 0:20:19]} 26. f5 {[%clk 0:10:27]} exf5 {[%clk
0:17:40]} 27. Nf4 {[%clk 0:10:43]} Nf6 {[%clk 0:17:33]} 28. Qf3 {[%clk 0:10:18]}
Qd6 {[%clk 0:10:34]} 29. Rg5 {[%clk 0:09:19]} Qd7 {[%clk 0:08:46]} 30. Qh3 {[%clk
0:09:34]} Ng4 {[%clk 0:04:18]} 31. Rh5 {[%clk 0:05:22]} Nh6 {[%clk 0:04:23]} 32.
Rxh6 {[%clk 0:04:19]} gxh6 {[%clk 0:04:26]} 33. Qxh6 {[%clk 0:04:14]} Rg8 {[%clk
0:04:22]} 34. f3 {[%clk 0:03:40]} Bg5 {[%clk 0:04:40]} 35. Qb6 {[%clk 0:03:30]}
Bxf4 {[%clk 0:04:54]} 36. exf4 {[%clk 0:03:59]} Rab8 {[%clk 0:03:18]} 37. Qa6
{[%clk 0:04:02]} Qg7 {[%clk 0:02:56]} 38. Bg3 {[%clk 0:04:09]} Qxd4 {[%clk
0:03:02]} 39. Re1 {[%clk 0:01:01]} Rge8 {[%clk 0:01:38]} 40. Re5 {[%clk 0:30:48]}
Rf8 {[%clk 0:30:59]} 41. Qh6 {[%clk 0:21:52]} Qa7 {[%clk 0:24:40]} 42. Bh4 {[%clk
0:20:34]} Qg7 {[%clk 0:24:38]} 43. Qd6 {[%clk 0:20:15]} c3 {[%clk 0:18:50]} 44.
Re7 {[%clk 0:12:18]} cxb2 {[%clk 0:18:09]} 45. Rxg7 {[%clk 0:12:32]} b1Q+ {[%clk
0:18:30]} 46. Rg1 {[%clk 0:12:49]} Qb2 {[%clk 0:18:42]} 47. Be7 {[%clk 0:09:51]}
Qc3 {[%clk 0:17:43]} 48. Bxf8 {[%clk 0:04:43]} Qxf3+ {[%clk 0:17:52]} 49. Rg2
{[%clk 0:05:08]} Qf1+ {[%clk 0:16:35]} 50. Rg1 {[%clk 0:05:37]} 1/2-1/2

[Event "Baku Chess Olympiad | Open"]
[Site "chess24.com"]
[Date "2016.09.08"]
[Round "6"]
[White "Joang Molapo"]
[Black "Moinzai, Khushal"]
[Result "*"]
[Board "4"]
[WhiteID "21300380"]
[WhiteElo "1685"]
[WhiteCountry "LES"]
[WhiteFideId "21300380"]
[BlackID "11701200"]
[BlackElo "1624"]
[BlackCountry "AFG"]
[BlackFideId "11701200"]

1. d4 {[%clk 1:30:53]} Nf6 {[%clk 1:30:07]} 2. c4 {[%clk 1:31:15]} b6 {[%clk
1:27:22]} 3. Nf3 {[%clk 1:30:31]} Bb7 {[%clk 1:27:21]} 4. Nc3 {[%clk 1:30:25]} e6
{[%clk 1:26:49]} 5. a3 {[%clk 1:30:32]} h6 {[%clk 1:26:56]} 6. e3 {[%clk
1:29:34]} d5 {[%clk 1:26:25]} 7. cxd5 {[%clk 1:27:24]} exd5 {[%clk 1:25:32]} 8.
Bd3 {[%clk 1:26:52]} Bd6 {[%clk 1:25:34]} 9. O-O {[%clk 1:26:46]} Nbd7 {[%clk
1:25:21]} 10. Nb5 {[%clk 1:26:00]} Be7 {[%clk 1:24:25]} 11. b4 {[%clk 1:25:55]}
a5 {[%clk 1:21:04]} 12. bxa5 {[%clk 1:21:17]} Rxa5 {[%clk 1:19:13]} 13. Bd2
{[%clk 1:20:38]} Ra8 {[%clk 1:19:12]} 14. Qb3 {[%clk 1:19:32]} c6 {[%clk
1:15:07]} 15. Nc3 {[%clk 1:19:37]} Bd6 {[%clk 1:14:29]} 16. e4 {[%clk 1:18:22]}
dxe4 {[%clk 1:13:12]} 17. Nxe4 {[%clk 1:18:02]} Nxe4 {[%clk 1:13:16]} 18. Bxe4
{[%clk 1:18:09]} O-O {[%clk 1:12:14]} 19. Rfc1 {[%clk 1:16:54]} Rc8 {[%clk
1:10:49]} 20. Bb4 {[%clk 1:15:03]} Bxb4 {[%clk 1:07:41]} 21. axb4 {[%clk
1:15:10]} Nf6 {[%clk 1:06:55]} 22. Ra7 {[%clk 0:53:14]} Nxe4 {[%clk 1:03:07]} 23.
Rxb7 {[%clk 0:53:06]} Nd6 {[%clk 1:03:06]} 24. Ra7 {[%clk 0:49:09]} Nb5 {[%clk
1:02:32]} 25. Ra6 {[%clk 0:48:24]} Nxd4 {[%clk 0:54:26]} 26. Nxd4 {[%clk
0:48:35]} Qxd4 {[%clk 0:53:54]} 27. Rd1 {[%clk 0:48:48]} Rfe8 {[%clk 0:48:47]}
28. h3 {[%clk 0:47:37]} Qf6 {[%clk 0:41:50]} 29. Rxb6 {[%clk 0:46:07]} Re2 {[%clk
0:39:22]} 30. Qg3 {[%clk 0:44:38]} Rce8 {[%clk 0:34:53]} 31. b5 {[%clk 0:38:46]}
R2e6 {[%clk 0:25:58]} 32. bxc6 {[%clk 0:34:31]} Rxc6 {[%clk 0:23:38]} 33. Rd6
{[%clk 0:30:05]} Qa1+ {[%clk 0:18:50]} 34. Kh2 {[%clk 0:28:38]} Rc1 {[%clk
0:18:21]} 35. Qf4 {[%clk 0:24:56]} Rh1+ {[%clk 0:17:15]} 36. Kg3 {[%clk 0:24:14]}
Qc3+ {[%clk 0:15:48]} 37. Qf3 {[%clk 0:20:11]} Qe5+ {[%clk 0:15:20]} 38. Qf4
{[%clk 0:20:00]} Qe1 {[%clk 0:14:36]} 39. Rb7 {[%clk 0:18:09]} Rf8 {[%clk
0:11:28]} 40. Rdd7 {[%clk 0:39:52]} Qc3+ {[%clk 0:39:50]} 41. Kg4 {[%clk
0:34:37]} Qc6 {[%clk 0:33:08]} 42. Kg3 {[%clk 0:30:45]} Qg6+ {[%clk 0:29:55]} 43.
Qg4 {[%clk 0:29:49]} Qf6 {[%clk 0:29:44]} 44. Qf4 {[%clk 0:27:19]} Qa6 {[%clk
0:27:53]} 45. Qf5 {[%clk 0:24:42]} g6 {[%clk 0:22:07]} 46. Rxf7 {[%clk 0:21:08]}
Qd6+ {[%clk 0:12:46]} 47. Qf4 {[%clk 0:18:08]} Qxf4+ {[%clk 0:11:34]} 48. Rxf4
{[%clk 0:18:24]} Rxf4 {[%clk 0:11:45]} 49. Kxf4 {[%clk 0:18:43]} Re1 {[%clk
0:12:01]} 50. f3 {[%clk 0:15:16]} Re6 {[%clk 0:11:13]} 51. h4 {[%clk 0:13:42]}
Kh8 {[%clk 0:10:40]} 52. g4 {[%clk 0:13:40]} Kg8 {[%clk 0:10:14]} 53. g5 {[%clk
0:12:39]} h5 {[%clk 0:10:15]} 54. Ra7 {[%clk 0:11:28]} Kf8 {[%clk 0:10:15]} 55.
Ra5 {[%clk 0:10:46]} Re1 {[%clk 0:09:59]} 56. Re5 {[%clk 0:09:36]} Rh1 {[%clk
0:09:48]} 57. Kg3 {[%clk 0:09:53]} Kf7 {[%clk 0:09:46]} 58. Re4 {[%clk 0:08:26]}
Ra1 {[%clk 0:09:40]} 59. Rf4+ {[%clk 0:07:53]} Kg7 {[%clk 0:09:54]} 60. Rf6
{[%clk 0:06:45]} Ra4 {[%clk 0:09:42]} 61. Re6 {[%clk 0:04:15]} Ra1 {[%clk
0:09:38]} 62. Re4 {[%clk 0:04:27]} Kf7 {[%clk 0:09:38]} 63. Kf4 {[%clk 0:04:15]}
Ra3 {[%clk 0:09:28]} 64. Rb4 {[%clk 0:04:23]} *